Online
Catalog

El periodismo en la República Dominicana / (Record no. 27265)

MARC details
000 -CABECERA
campo de control de longitud fija 00819nam a2200253 a 4500
001 - NÚMERO DE CONTROL
campo de control 000027773
003 - IDENTIFICADOR DEL NÚMERO DE CONTROL
campo de control DO-SdBNP
005 - FECHA Y HORA DE LA ÚLTIMA TRANSACCIÓN
campo de control 20240314181436.0
007 - CAMPO FIJO DE DESCRIPCIÓN FÍSICA--INFORMACIÓN GENERAL
campo de control de longitud fija ta
008 - DATOS DE LONGITUD FIJA--INFORMACIÓN GENERAL
campo de control de longitud fija 110404s1986 dr 000 | spa d
040 ## - FUENTE DE LA CATALOGACIÓN
Centro catalogador/agencia de origen DO-SdBNP
Lengua de catalogación spa
Centro/agencia transcriptor BNPHU
082 #4 - NÚMERO DE LA CLASIFICACIÓN DECIMAL DEWEY
Número de documento/Ítem A516p, 1986
Número de edición 22
100 1# - ENTRADA PRINCIPAL--NOMBRE DE PERSONA
Nombre de persona Amiama, Manuel A.
Fechas asociadas al nombre 1899-1991
9 (RLIN) 8438
245 13 - MENCIÓN DE TÍTULO
Título El periodismo en la República Dominicana /
Mención de responsabilidad, etc. Manuel A. Amiama ; prólogo de Francisco Prats-Ramírez ; presentación de César Herrera.
250 ## - MENCIÓN DE EDICIÓN
Mención de edición 2a ed.
260 ## - PUBLICACIÓN, DISTRIBUCIÓN, ETC.
Lugar de publicación, distribución, etc. Santo Domingo :
Nombre del editor, distribuidor, etc. ONAP,
Fecha de publicación, distribución, etc. 1986.
300 ## - DESCRIPCIÓN FÍSICA
Extensión 95 p. ;
Dimensiones 21 cm.
490 1# - MENCIÓN DE SERIE
Mención de serie Feria del Libro
Designación de volumen o secuencia 10
590 ## - NOTA LOCAL (RLIN)
Nota local Inventariado,2018/DG
700 1# - PUNTO DE ACCESO ADICIONAL--NOMBRE DE PERSONA
Nombre de persona Prats-Ramírez, Francisco,
Término indicativo de función/relación pról.
9 (RLIN) 52032
700 1# - PUNTO DE ACCESO ADICIONAL--NOMBRE DE PERSONA
Nombre de persona Herrera, César,
Término indicativo de función/relación present.
9 (RLIN) 54850
830 #0 - PUNTO DE ACCESO ADICIONAL DE SERIE-TÍTULO UNIFORME
Título uniforme Feria del Libro;
Designación de volumen o secuencia 10
9 (RLIN) 53322
942 ## - ELEMENTOS DE PUNTO DE ACCESO ADICIONAL (KOHA)
Fuente del sistema de clasificación o colocación Dewey Decimal Classification
Tipo de ítem Koha Libro
Holdings
Estado de retiro Estado de pérdida Fuente del sistema de clasificación o colocación Restricciones de uso No para préstamo Código de colección Localización permanente Ubicación/localización actual Ubicación en estantería Fecha de adquisición Total de préstamos Signatura topográfica completa Código de barras Fecha visto por última vez Precio válido a partir de Tipo de ítem Koha Número de copia
    Dewey Decimal Classification Préstamo restringido   Patrimonio Dominicano Biblioteca Nacional Pedro Henríquez Ureña Biblioteca Nacional Pedro Henríquez Ureña En catalogación 04.04.2011   BNPHU PD A516p, 1986 27773-10 25.06.2020 25.06.2020 Libro  
    Dewey Decimal Classification Préstamo restringido   Patrimonio Dominicano Biblioteca Nacional Pedro Henríquez Ureña Biblioteca Nacional Pedro Henríquez Ureña Depósito 01.04.2022   BNPHU PD A516p, 1986 2022-1055 01.04.2022 01.04.2022 Libro e.2

Powered by Koha